Quality system in construction : ISO 9000 certification for contractors /
Saved in:
| Main Author: | |
|---|---|
| Format: | Thesis Book |
| Language: | English |
| Published: |
1994.
|
| Subjects: | |
| Tags: |
Add Tag
No Tags, Be the first to tag this record!
|
| LEADER | 00921cam a2200253 a 4500 | ||
|---|---|---|---|
| 001 | u370167 | ||
| 003 | SIRSI | ||
| 008 | 950403s1994 si v 00 1 eng m | ||
| 035 | |a ABV-5039 | ||
| 040 | |a UMM | ||
| 043 | |a a-si--- | ||
| 090 | |a HD9715 |b S552Lim | ||
| 100 | 1 | 0 | |a Lim, Kah Hock. |
| 245 | 1 | 0 | |a Quality system in construction : |b ISO 9000 certification for contractors / |c by Lim Kah Hock. |
| 260 | |c 1994. | ||
| 300 | |a ix, 117 p. : |b ill. ; |c 30 cm. | ||
| 502 | |a Dissertation (M.Sc.) -- National University of Singapore, 1994. | ||
| 504 | |a Bibliography: p. 104-106. | ||
| 610 | 2 | 0 | |a Construction Industry Development Board (Singapore). |
| 650 | 0 | |a Construction industry |x Standards |z Singapore | |
| 650 | 0 | |a Construction industry |z Singapore |x Quality control. | |
| 948 | |a 03/04/1995 |b 06/05/1996 | ||
| 596 | |a 1 | ||
| 999 | |a F HD9715 S552LIM |w LC |c 1 |i A505325517 |d 28/12/2007 |e 28/12/2007 |l STACKS |m P01UTAMA |n 8 |r Y |s Y |t TESIS |u 11/4/1996 | ||
